| 000 | 00390nam a2200157Ia 4500 | ||
|---|---|---|---|
| 008 | 230312s9999||||xx |||||||||||||| ||und|| | ||
| 020 | _a0-19-579806-6 | ||
| 082 |
_a954.91 _bSAF-P |
||
| 100 | _aMahmood,Safdar | ||
| 245 | 0 | _aPAKISTAN | |
| 260 |
_bOXFORD _aKarachi _c2000 |
||
| 300 | _a440 | ||
| 546 | _aEng. | ||
| 650 |
_aLiterature _vChasing Constitution , Dilemma of Democracy |
||
| 942 | _cBK | ||
| 999 |
_c215 _d215 |
||